| 000 | 01279nam a22001577a 4500 | ||
|---|---|---|---|
| 999 |
_c524417 _d524417 |
||
| 008 | 231114b ||||| |||| 00| 0 eng d | ||
| 100 |
_aSinha, Amerjeet _952274 |
||
| 245 | _aAchieving sustainable development Goals (SDGs) | ||
| 260 | _aIIPA Digest | ||
| 300 | _a5(2), Apr-Jun, 2023: p.6-7 | ||
| 520 | _aDr. S.V. Subramanian of the Harvard centre for population and development studies and the Harvard T.H. Chan School of Public health, et al (2023), have published a quantitative mid-line assessment of India’s progress on sustainable development goal indicators in707 districts, using the data from the national family health surveys. 2016 and 2021. These indicators are in critical sectors like access to basic series, wasting over-weight children, anemia, child marriage, partner violence, tobacco use and modern contraceptive use. While India did very well in its pro-poor public welfare programems and facilitated the coming out of multi-dimensional poverty for 415 million persons between. 2005-06 to 2019, it is a case of the glass being half full. The study points to a need for mid-course correction. – Reproduced | ||
| 650 |
_aSustainable development Goals, SDGs _946044 |
||
| 773 | _aIIPA Digest | ||
| 906 | _aSUSTAINABLE DEVELOPMENT GOALS | ||
| 942 | _cAR | ||